00471nam a22001577a 450000500170000000800410001702000150005804100130007308200150008610000140010124500510011525000190016626000700018530000320025565000260028720231026134113.0231026b |||||||| |||| 00| 0 eng d a0620055057 aEnglish  a346.7 QUE  lEngllish  aQuestions on Banking Practice in South Africa  aSixth Edition  aJohannesburg : bThe Institute of Bankers in South Africa, c1981 bviii, 269 pages ; c22 cm.  aLegal practice bLaw